Statistics for Random World Map Borders are Flipped

Click here to take the quiz!

General Stats

  • This quiz has been taken 91 times
  • The average score is 13 of 20

Answers on the Map

Answers color-coded by a green-red scale on the quiz's map according to % correct below.
 

Answer Stats

COUNTRY% Correct
Afghanistan
100%
Angola
100%
Argentina
100%
Argentina
100%
Belarus
100%
Belgium
100%
Benin
100%
Benin
100%
Bhutan
100%
Bolivia
100%
Bosnia and Herzegovina
100%
Botswana
100%
Brazil
100%
Brazil
100%
Cambodia
100%
Cambodia
100%
Cameroon
100%
Canada
100%
Central African Republic
100%
Chad
100%
Chad
100%
Chad
100%
Chad
100%
Chile
100%
China
100%
China
100%
China
100%
China
100%
China
100%
Croatia
100%
Democratic Republic of the Congo
100%
Democratic Republic of the Congo
100%
Ecuador
100%
Eritrea
100%
Ethiopia
100%
Ethiopia
100%
France
100%
Georgia
100%
Guatemala
100%
Guyana
100%
India
100%
Indonesia
100%
Iraq
100%
Italy
100%
Italy
100%
Kenya
100%
Kyrgyzstan
100%
Laos
100%
Latvia
100%
Lithuania
100%
Lithuania
100%
Malawi
100%
Malaysia
100%
Mauritania
100%
Mexico
100%
Mexico
100%
Moldova
100%
Mongolia
100%
Mozambique
100%
Myanmar
100%
Myanmar
100%
Namibia
100%
Netherlands
100%
Niger
100%
Nigeria
100%
Oman
100%
Pakistan
100%
Pakistan
100%
Paraguay
100%
Peru
100%
Poland
100%
Republic of the Congo
100%
Republic of the Congo
100%
Russia
100%
Saudi Arabia
100%
Senegal
100%
South Africa
100%
Sudan
100%
Switzerland
100%
Syria
100%
Tajikistan
100%
Thailand
100%
Togo
100%
Turkey
100%
Turkmenistan
100%
Ukraine
100%
Ukraine
100%
United States
100%
United States
100%
Vietnam
100%
Vietnam
100%
Bulgaria
50%
Burkina Faso
50%
Burkina Faso
50%
Central African Republic
50%
Ghana
50%
Mali
50%
Myanmar
50%
Nigeria
50%
Romania
50%
Serbia
50%
Thailand
50%
Ukraine
50%
Afghanistan
0%
Afghanistan
0%
Afghanistan
0%
Albania
0%
Albania
0%
Algeria
0%
Algeria
0%
Algeria
0%
Algeria
0%
Algeria
0%
Algeria
0%
Algeria
0%
Angola
0%
Argentina
0%
Argentina
0%
Argentina
0%
Armenia
0%
Austria
0%
Austria
0%
Austria
0%
Austria
0%
Austria
0%
Azerbaijan
0%
Azerbaijan
0%
Belarus
0%
Belarus
0%
Belarus
0%
Belarus
0%
Belgium
0%
Bhutan
0%
Bolivia
0%
Bolivia
0%
Bolivia
0%
Bolivia
0%
Bosnia and Herzegovina
0%
Botswana
0%
Botswana
0%
Brazil
0%
Brazil
0%
Brazil
0%
Brazil
0%
Brazil
0%
Brazil
0%
Brazil
0%
Bulgaria
0%
Burkina Faso
0%
Burkina Faso
0%
Cambodia
0%
Cameroon
0%
Cameroon
0%
Cameroon
0%
Canada
0%
Canada
0%
Central African Republic
0%
Central African Republic
0%
Central African Republic
0%
Central African Republic
0%
Chad
0%
Chile
0%
China
0%
China
0%
China
0%
China
0%
China
0%
China
0%
China
0%
China
0%
China
0%
China
0%
China
0%
Colombia
0%
Colombia
0%
Colombia
0%
Colombia
0%
Croatia
0%
Czech Republic
0%
Czech Republic
0%
Czech Republic
0%
Czech Republic
0%
Democratic Republic of the Congo
0%
Democratic Republic of the Congo
0%
Democratic Republic of the Congo
0%
Dominican Republic
0%
Ecuador
0%
Egypt
0%
Egypt
0%
Eritrea
0%
Estonia
0%
Estonia
0%
Ethiopia
0%
Ethiopia
0%
Ethiopia
0%
Ethiopia
0%
Finland
0%
Finland
0%
Finland
0%
France
0%
France
0%
France
0%
France
0%
France
0%
Gabon
0%
Georgia
0%
Germany
0%
Germany
0%
Germany
0%
Germany
0%
Germany
0%
Ghana
0%
Ghana
0%
Greece
0%
Greece
0%
Guatemala
0%
Guinea
0%
Guinea
0%
Guinea
0%
Guinea
0%
Guyana
0%
Guyana
0%
Haiti
0%
Honduras
0%
Honduras
0%
Hungary
0%
Hungary
0%
Hungary
0%
Hungary
0%
India
0%
India
0%
India
0%
India
0%
India
0%
India
0%
Indonesia
0%
Iran
0%
Iran
0%
Iran
0%
Iran
0%
Iran
0%
Iran
0%
Iraq
0%
Iraq
0%
Iraq
0%
Iraq
0%
Italy
0%
Ivory Coast
0%
Ivory Coast
0%
Ivory Coast
0%
Ivory Coast
0%
Ivory Coast
0%
Jordan
0%
Jordan
0%
Jordan
0%
Kazakhstan
0%
Kazakhstan
0%
Kazakhstan
0%
Kazakhstan
0%
Kazakhstan
0%
Kenya
0%
Kenya
0%
Kenya
0%
Kenya
0%
Kyrgyzstan
0%
Kyrgyzstan
0%
Laos
0%
Laos
0%
Laos
0%
Laos
0%
Latvia
0%
Latvia
0%
Latvia
0%
Lesotho
0%
Liberia
0%
Liberia
0%
Liberia
0%
Libya
0%
Libya
0%
Libya
0%
Libya
0%
Libya
0%
Libya
0%
Malaysia
0%
Malaysia
0%
Mali
0%
Mali
0%
Mali
0%
Mali
0%
Mali
0%
Mali
0%
Mauritania
0%
Mauritania
0%
Mexico
0%
Moldova
0%
Mongolia
0%
Morocco
0%
Morocco
0%
Morocco
0%
Mozambique
0%
Mozambique
0%
Mozambique
0%
Mozambique
0%
Myanmar
0%
Namibia
0%
Namibia
0%
Nepal
0%
Nepal
0%
Netherlands
0%
Nicaragua
0%
Niger
0%
Niger
0%
Niger
0%
Niger
0%
Niger
0%
Nigeria
0%
North Korea
0%
North Korea
0%
North Macedonia
0%
North Macedonia
0%
Norway
0%
Norway
0%
Norway
0%
Oman
0%
Oman
0%
Pakistan
0%
Pakistan
0%
Papua New Guinea
0%
Paraguay
0%
Paraguay
0%
Peru
0%
Peru
0%
Peru
0%
Poland
0%
Poland
0%
Poland
0%
Republic of the Congo
0%
Republic of the Congo
0%
Romania
0%
Romania
0%
Romania
0%
Romania
0%
Romania
0%
Russia
0%
Russia
0%
Russia
0%
Russia
0%
Russia
0%
Russia
0%
Russia
0%
Russia
0%
Russia
0%
Russia
0%
Saudi Arabia
0%
Saudi Arabia
0%
Saudi Arabia
0%
Saudi Arabia
0%
Senegal
0%
Senegal
0%
Serbia
0%
Serbia
0%
Sierra Leone
0%
Slovakia
0%
Slovakia
0%
Slovakia
0%
Slovenia
0%
Somalia
0%
Somalia
0%
South Africa
0%
South Africa
0%
South Africa
0%
South Korea
0%
South Sudan
0%
South Sudan
0%
South Sudan
0%
South Sudan
0%
South Sudan
0%
Spain
0%
Spain
0%
Sudan
0%
Sudan
0%
Sudan
0%
Sudan
0%
Sudan
0%
Sudan
0%
Suriname
0%
Suriname
0%
Sweden
0%
Sweden
0%
Sweden
0%
Switzerland
0%
Switzerland
0%
Syria
0%
Syria
0%
Tajikistan
0%
Tajikistan
0%
Tajikistan
0%
Tanzania
0%
Tanzania
0%
Thailand
0%
Thailand
0%
Thailand
0%
Togo
0%
Tunisia
0%
Tunisia
0%
Tunisia
0%
Turkey
0%
Turkey
0%
Turkey
0%
Turkey
0%
Turkmenistan
0%
Turkmenistan
0%
Uganda
0%
Uganda
0%
Uganda
0%
Ukraine
0%
Ukraine
0%
Ukraine
0%
United Arab Emirates
0%
United Arab Emirates
0%
United States
0%
United States
0%
United States
0%
Uruguay
0%
Uruguay
0%
Uzbekistan
0%
Uzbekistan
0%
Uzbekistan
0%
Uzbekistan
0%
Venezuela
0%
Venezuela
0%
Venezuela
0%
Vietnam
0%
Yemen
0%
Yemen
0%
Zambia
0%
Zambia
0%
Zambia
0%
Zambia
0%
Zimbabwe
0%
Zimbabwe
0%
Zimbabwe
0%

Score Distribution

Percentile by Number Answered

Percent of People with Each Score

Your Score History

You have not taken this quiz